000 00273nam a22001217a 4500
008 170713b xxu||||| |||| 00| 0 eng d
041 _aeng
080 _a038
100 _a23
101 _aFJA
245 _aTHE AMERICAN COLLEGE DICTIONARY
_cBARNHART,C.L
942 _2udc
_cBK
999 _c20407
_d20407